[Event "Titled Tue 1st Jul Early"]
[Site "chess.com INT"]
[Date "2025.07.01"]
[Round "5"]
[White "Alonso Rosell, Alvar"]
[Black "Smirnov, Mark"]
[Result "1-0"]
[WhiteTitle "GM"]
[BlackTitle "FM"]
[WhiteElo "2536"]
[BlackElo "2352"]
[WhiteFideId "2270544"]
[BlackFideId "13764594"]
[EventDate "2025.07.01"]

1. d4 d5 2. c4 e6 3. Nf3 Nf6 4. g3 Be7 5. Bg2 O-O 6. O-O dxc4 7. Qc2 a6 8. a4
Bd7 9. Rd1 Bc6 10. Bg5 Be4 11. Qxc4 b5 12. Qc1 h6 13. Bxf6 Bxf6 14. Nc3 Bc6 15.
d5 exd5 16. Nd4 Bb7 17. axb5 axb5 18. Rxa8 Bxa8 19. Ndxb5 c6 20. Nd4 Qb6 21. Nf5
Nd7 22. e4 d4 23. Ne2 c5 24. Nf4 Rb8 25. Nd3 h5 26. Qf4 g6 27. Nh6+ Kg7 28. e5
Bxg2 29. Kxg2 Qb3 30. exf6+ Nxf6 31. Rd2 Qd5+ 32. Kg1 Re8 33. Rd1 Re4 34. Qc1 c4
35. Nf4 Qc6 36. Nh3 d3 37. Ng5 Re2 38. Nhxf7 Qc5 39. Qf4 Ng4 40. Nd6 Rxf2 41.
Ne6+ Kg8 42. Nxc5 Rxf4 43. gxf4 Ne3 44. Rd2 Nd5 45. Nxc4 Nxf4 46. Nxd3 Ne6 47.
Nde5 Nd4 48. Rxd4 1-0

[Event "Titled Tue 1st Jul Early"]
[Site "chess.com INT"]
[Date "2025.07.01"]
[Round "5"]
[White "Niemann, Hans Moke"]
[Black "Grandelius, Nils"]
[Result "0-1"]
[WhiteTitle "GM"]
[BlackTitle "GM"]
[WhiteElo "2736"]
[BlackElo "2642"]
[WhiteFideId "2093596"]
[BlackFideId "1710400"]
[EventDate "2025.07.01"]

1. e4 c5 2. Nf3 d6 3. Bb5+ Bd7 4. Bxd7+ Nxd7 5. c4 g6 6. Nc3 Bg7 7. d3 e6 8. Bf4
Ne5 9. Nxe5 Bxe5 10. Bxe5 dxe5 11. Qa4+ Kf8 12. Qa3 b6 13. Ne2 Ne7 14. Qc3 Nc6
15. O-O Kg7 16. f4 Qf6 17. f5 Qg5 18. f6+ Kg8 19. Rf3 h5 20. a3 Kh7 21. Raf1
Rad8 22. Rg3 Qh6 23. h4 Nd4 24. Nxd4 Rxd4 25. Rg5 Rhd8 26. Rf3 a5 27. Kf2 Qf8
28. Ke2 Qd6 29. Qc2 Kg8 30. a4 Kf8 31. b3 Ke8 32. Re3 Kd7 33. Kd2 Rh8 34. Kc1
Kc7 35. Qe2 Qd8 36. Rf3 Qd6 37. Kc2 Rd8 38. Re3 b5 39. axb5 a4 40. bxa4 Qb6 41.
Qe1 Ra8 42. Kb3 Rdd8 43. Rxe5 Ra7 44. a5 Rxa5 45. Rxc5+ Kb8 46. Rc6 Qa7 47. Ra6
Rxa6 48. bxa6 Ka8 49. Re2 Rb8+ 50. Kc3 Qc5 51. Rb2 Qa5+ 52. Kd4 Qxe1 0-1

[Event "Titled Tue 1st Jul Early"]
[Site "chess.com INT"]
[Date "2025.07.01"]
[Round "5"]
[White "Jalving, August"]
[Black "Manukian, Artak"]
[Result "1/2-1/2"]
[WhiteTitle "FM"]
[WhiteElo "2320"]
[BlackElo "2104"]
[WhiteFideId "1471759"]
[BlackFideId "13301373"]
[EventDate "2025.07.01"]

1. e4 c6 2. Nc3 d5 3. Nf3 dxe4 4. Nxe4 Nf6 5. Qe2 Nxe4 6. Qxe4 Qd5 7. Qh4 Qe6+
8. Be2 Qg4 9. Qg3 f6 10. Qc7 Qd7 11. Qf4 e5 12. Qa4 c5 13. Qxd7+ Bxd7 14. c3 Nc6
15. d3 O-O-O 16. Be3 g5 17. h3 Be7 18. O-O-O h5 19. Nd2 Bf5 20. Ne4 Bxe4 21.
dxe4 h4 22. Bg4+ Kc7 23. Rd5 Rxd5 24. exd5 Nd8 25. Rd1 Bd6 26. a3 Nf7 27. b4 b6
28. Kc2 Ra8 29. Rb1 cxb4 30. cxb4 a6 31. Kb3 Kb7 32. Rc1 Bc7 33. Rc6 Nd6 34.
Bxb6 Bxb6 35. Rxd6 Bxf2 36. Rxf6 Bg3 37. d6 Rd8 38. Bf3+ Kb8 39. Be4 Bf4 40. Kc4
Bc1 41. a4 Ba3 42. b5 axb5+ 43. axb5 Rxd6 44. Rxd6 Bxd6 45. Kd5 Bc7 46. Ke6 Ka7
47. Kf5 Bd8 48. Kxe5 Kb6 49. Bc6 Bc7+ 50. Ke6 Bf4 51. Kf6 Bc1 52. Kf5 Bd2 53. g4
hxg3 54. Kg4 g2 55. Bxg2 Kxb5 56. h4 gxh4 57. Kxh4 1/2-1/2

[Event "Titled Tue 1st Jul Early"]
[Site "chess.com INT"]
[Date "2025.07.01"]
[Round "5"]
[White "Shapiro, Daniel"]
[Black "Ahmad, Al Khatib"]
[Result "1-0"]
[WhiteTitle "FM"]
[BlackTitle "GM"]
[WhiteElo "2284"]
[BlackElo "2172"]
[WhiteFideId "2001780"]
[BlackFideId "8103178"]
[EventDate "2025.07.01"]

1. d4 d5 2. c4 dxc4 3. e4 Nf6 4. e5 Nd5 5. Bxc4 Bf5 6. Ne2 e6 7. O-O Nc6 8. Nbc3
Nb6 9. Bb3 Nb4 10. Be3 Be7 11. Ng3 Bg6 12. f4 N4d5 13. Bd2 Qd7 14. Qf3 c6 15.
Rad1 O-O 16. Nce4 Rad8 17. Nc5 Bxc5 18. dxc5 Nc8 19. Ne4 Bxe4 20. Qxe4 Nce7 21.
g4 g6 22. Bc2 b6 23. b4 Nc7 24. Be3 Ned5 25. Bd2 Qe7 26. cxb6 axb6 27. f5 Qh4
28. Be1 Qg5 29. Bd2 Qh4 30. Be1 Qh3 31. Rf3 Qh6 32. Bd2 Qh4 33. Be1 Qg5 34. Bd2
exf5 35. Bxg5 fxe4 36. Bxe4 Rde8 37. Bxd5 Nxd5 38. Bf6 Re6 39. b5 Nxf6 40. exf6
cxb5 41. Rb1 h6 42. Rxb5 Rc8 43. h3 Rc1+ 44. Kg2 Rc2+ 45. Kg3 Rxa2 46. Rd5 Ra7
47. Rd8+ Kh7 48. Rf8 Rb7 49. h4 b5 50. g5 b4 51. Rd3 hxg5 52. hxg5 Re5 53. Kg4
b3 54. Rh3# 1-0

[Event "Titled Tue 1st Jul Early"]
[Site "chess.com INT"]
[Date "2025.07.01"]
[Round "5"]
[White "Dinesh, Rajan M"]
[Black "Ravshanov, Sheralijon"]
[Result "1-0"]
[WhiteTitle "CM"]
[BlackTitle "CM"]
[WhiteElo "2131"]
[BlackElo "2156"]
[WhiteFideId "35060600"]
[BlackFideId "14212170"]
[EventDate "2025.07.01"]

1. d4 Nf6 2. c4 e6 3. Nf3 d5 4. g3 Be7 5. Bg2 O-O 6. O-O dxc4 7. Qa4 a6 8. Qxc4
Bd7 9. Ne5 Bb5 10. Qc3 Nd5 11. Qe1 f6 12. Nd3 Nc6 13. Be3 Bxd3 14. exd3 Ndb4 15.
Qc3 Nd5 16. Qb3 Na5 17. Qc2 Rc8 18. Nc3 c5 19. Nxd5 exd5 20. dxc5 d4 21. Bd2
Rxc5 22. Qa4 Nc6 23. Qb3+ Kh8 24. Qxb7 Ne5 25. Qxa6 Rc2 26. Ba5 Qc8 27. Qxc8
Rfxc8 28. b4 Nxd3 29. b5 Rb2 30. a4 h5 31. b6 f5 32. Rab1 Rxb1 33. Rxb1 Bd6 34.
b7 Re8 35. Bc6 Rf8 36. Rd1 Nb2 37. Rxd4 Bb8 38. Bb4 Rg8 39. Bd6 Ba7 40. Rh4 Kh7
41. Rb4 Nd3 42. b8=Q 1-0

[Event "Titled Tue 1st Jul Early"]
[Site "chess.com INT"]
[Date "2025.07.01"]
[Round "5"]
[White "Goldin, Roman"]
[Black "Asensio Ramos, Enrique Fernando"]
[Result "0-1"]
[WhiteTitle "FM"]
[BlackTitle "CM"]
[WhiteElo "2284"]
[BlackElo "2200"]
[WhiteFideId "2803860"]
[BlackFideId "2214172"]
[EventDate "2025.07.01"]

1. Nf3 d5 2. e3 Nf6 3. b4 e6 4. a3 Nbd7 5. Bb2 b6 6. c4 Bb7 7. d3 Be7 8. Nbd2
O-O 9. Be2 a5 10. b5 Nc5 11. O-O h6 12. cxd5 exd5 13. Be5 Bd6 14. d4 Nce4 15.
Rc1 Rc8 16. Qb3 Nxd2 17. Nxd2 Bxe5 18. dxe5 Nd7 19. Nf3 Re8 20. Qb2 Qe7 21. Rc2
Nxe5 22. Rfc1 Nc4 23. Bxc4 dxc4 24. Rxc4 Red8 25. Nd4 Qg5 26. Nc6 Rd7 27. h4 Qg6
28. Qe5 Qd6 29. Qxd6 cxd6 30. Ne7+ Rxe7 31. Rxc8+ Bxc8 32. Rxc8+ Kh7 33. Rc6 d5
34. Rxb6 Re4 35. Rb7 Rxh4 36. f4 Rh5 37. Ra7 d4 38. Rxa5 dxe3 39. Kf1 Rf5 40. g3
Rd5 41. a4 g5 42. Ra6 gxf4 43. gxf4 Rd4 44. Ke2 Re4 45. b6 h5 46. b7 Rb4 47. Ra7
h4 48. a5 h3 0-1

[Event "Titled Tue 1st Jul Early"]
[Site "chess.com INT"]
[Date "2025.07.01"]
[Round "5"]
[White "Donoso Aguirre, Maximiliano"]
[Black "Logachiov, Aleksandr"]
[Result "0-1"]
[WhiteTitle "CM"]
[BlackTitle "CM"]
[WhiteElo "2050"]
[BlackElo "2129"]
[WhiteFideId "3458920"]
[BlackFideId "24123706"]
[EventDate "2025.07.01"]

1. e4 c5 2. c3 d5 3. exd5 Qxd5 4. d4 Nf6 5. Nf3 Nc6 6. dxc5 Qxd1+ 7. Kxd1 e6 8.
b4 a5 9. Bb5 Bd7 10. Bxc6 Bxc6 11. Ke2 b6 12. Be3 Nd5 13. Ne5 Ba4 14. cxb6 axb4
15. cxb4 Bxb4 16. Nd2 Nc3+ 17. Kf3 f6 18. Nd3 Bc6+ 19. Kg3 Bd6+ 20. f4 Kf7 21.
Nc4 Ne4+ 22. Kh3 Be7 23. Rhd1 Rhb8 24. Nf2 Nc3 25. Rd2 Nd5 26. Bd4 Nxf4+ 27. Kg3
Nd5 28. Nd3 Bb5 29. Ne3 Bxd3 30. Rxd3 Nxb6 31. Bxb6 Rxb6 32. a4 Rba6 33. Rd4 Bc5
34. Rd7+ Kg6 35. Ng4 Rxa4 36. Rxa4 Rxa4 37. h4 Ra3+ 38. Kh2 h5 39. Rc7 Bd6+ 40.
Kg1 Bxc7 41. Nf2 Bb6 42. Kf1 Ra1+ 43. Ke2 Ra2+ 44. Kf3 Rxf2+ 45. Kg3 Rf5 46. Kh3
Bc7 47. g4 Rf2 48. gxh5+ Kf5 49. h6 Rh2# 0-1

[Event "Titled Tue 1st Jul Early"]
[Site "chess.com INT"]
[Date "2025.07.01"]
[Round "5"]
[White "Materia, Marco"]
[Black "Tekeyev, Zaur"]
[Result "1-0"]
[WhiteTitle "IM"]
[BlackTitle "IM"]
[WhiteElo "2493"]
[BlackElo "2407"]
[WhiteFideId "45150451"]
[BlackFideId "4199731"]
[EventDate "2025.07.01"]

1. Nf3 Nf6 2. c4 g6 3. Nc3 Bg7 4. d4 d6 5. Bg5 h6 6. Bh4 g5 7. Bg3 Nh5 8. e3 c5
9. Be2 cxd4 10. Nxd4 Nxg3 11. hxg3 Nc6 12. Qd2 Bd7 13. Rc1 Rc8 14. b3 Qa5 15.
Nxc6 Bxc6 16. Bf3 Bxf3 17. gxf3 Bxc3 18. Rxc3 b5 19. f4 bxc4 20. bxc4 h5 21.
fxg5 Qxg5 22. Qd4 f6 23. Qxa7 Kf7 24. Qd4 Rb8 25. Rc1 Ra8 26. Rc2 Ra5 27. Kf1
Qf5 28. Rb2 Rc8 29. Rh4 d5 30. cxd5 Rxd5 31. Qe4 Rc1+ 32. Kg2 Qg5 33. Qh7+ Ke6
34. Re4+ Re5 35. Rb6+ Kd5 36. Rxe5+ Qxe5 37. Rb5+ Rc5 38. Qd3+ Kc6 39. Rxc5+
Kxc5 40. a4 Qa1 41. Qb5+ Kd6 42. Qb6+ Kd7 43. a5 Qa2 44. Qb7+ Ke6 45. a6 h4 46.
a7 h3+ 47. Kxh3 Qxf2 48. Qe4+ Kf7 49. a8=Q Qf1+ 50. Qg2 Qf5+ 51. Kh2 Qh5+ 52.
Qh3 Qe2+ 53. Qag2 Qxe3 54. Qh5+ Kg7 55. Qg4+ Kf7 56. Qd5+ e6 57. Qd7+ 1-0

[Event "Titled Tue 1st Jul Early"]
[Site "chess.com INT"]
[Date "2025.07.01"]
[Round "5"]
[White "Le, Minh Tu"]
[Black "Arslanov, Shamil"]
[Result "0-1"]
[WhiteTitle "FM"]
[BlackTitle "IM"]
[WhiteElo "1932"]
[BlackElo "2410"]
[WhiteFideId "12404888"]
[BlackFideId "4192826"]
[EventDate "2025.07.01"]

1. d4 e5 2. dxe5 d6 3. exd6 Bxd6 4. Nf3 Nc6 5. Nc3 Qe7 6. Nd5 Qf8 7. Bf4 Bxf4 8.
Nxf4 Qb4+ 9. Qd2 Qxb2 10. Rd1 Nge7 11. e3 Bg4 12. Qc1 Qxa2 13. Be2 Qa5+ 14. c3
O-O 15. O-O Rfd8 16. h3 Bxf3 17. Bxf3 Qc5 18. Qb2 b6 19. Nd3 Qc4 20. Nb4 Rxd1
21. Rxd1 Rd8 22. Rxd8+ Nxd8 23. Qd2 Ne6 24. Qd7 Kf8 25. Nc6 Nxc6 26. Bxc6 g6 27.
Bd5 Qxc3 28. Bxe6 Qa1+ 29. Kh2 Qe5+ 30. f4 Qxe6 31. Qxc7 Qxe3 32. Qb8+ Kg7 33.
Qxa7 Qxf4+ 34. Kh1 Qc1+ 35. Kh2 Qc6 36. Qe7 h6 37. Qe5+ Qf6 38. Qb5 Qd6+ 39. Kh1
Qc5 40. Qb2+ Kg8 41. Qe2 b5 42. Qe8+ Kg7 43. h4 h5 44. Qe4 b4 45. Qb1 Qc3 0-1

[Event "Titled Tue 1st Jul Early"]
[Site "chess.com INT"]
[Date "2025.07.01"]
[Round "5"]
[White "Rustemov, Alexander"]
[Black "Perez Cruz, Adianet"]
[Result "1-0"]
[WhiteTitle "GM"]
[BlackTitle "WFM"]
[WhiteElo "2525"]
[BlackElo "1984"]
[WhiteFideId "4119002"]
[BlackFideId "3510115"]
[EventDate "2025.07.01"]

1. d4 d5 2. c4 e5 3. dxe5 d4 4. Nf3 Nc6 5. a3 a5 6. g3 Be6 7. Qa4 Qd7 8. Bg2
Nge7 9. O-O Ng6 10. Rd1 Rd8 11. Ng5 Ngxe5 12. Nxe6 Qxe6 13. Nd2 Bd6 14. Nb3 O-O
15. Nxd4 Qxc4 16. Qxc4 Nxc4 17. Nxc6 bxc6 18. Bxc6 Rb8 19. Ra2 Rb6 20. Bd5 Ne5
21. b3 Bc5 22. Rc2 Bd6 23. f4 Ng4 24. h3 Nf6 25. Bc4 Re8 26. Rd3 h6 27. Kg2 Ne4
28. Kf3 Nc5 29. Re3 Rxe3+ 30. Bxe3 Rb8 31. Bxc5 Bxc5 32. a4 Bb4 33. Bd5 c5 34.
e4 Rd8 35. h4 Kf8 36. h5 Ke7 37. Ke3 f6 38. Kd3 Ba3 39. Kc4 Bb4 40. Re2 Rd6 41.
e5 Rd8 42. g4 fxe5 43. Rxe5+ Kf8 44. Rf5+ Ke8 45. g5 hxg5 46. fxg5 Bd2 47. Re5+
Kf8 48. Rf5+ Ke8 49. g6 Bb4 50. Rf7 Ba3 51. Rxg7 Bb2 52. Rg8+ Ke7 53. Rxd8 Kxd8
54. h6 Ke7 55. g7 1-0

[Event "Titled Tue 1st Jul Early"]
[Site "chess.com INT"]
[Date "2025.07.01"]
[Round "5"]
[White "Sharapov, Yevhen"]
[Black "Turcsanyi, Vince Gergo"]
[Result "1/2-1/2"]
[WhiteTitle "GM"]
[BlackTitle "FM"]
[WhiteElo "2375"]
[BlackElo "2312"]
[WhiteFideId "14103133"]
[BlackFideId "791784"]
[EventDate "2025.07.01"]

1. e4 e5 2. Nf3 Nc6 3. Nc3 Nf6 4. Bb5 Bb4 5. O-O Bxc3 6. bxc3 d6 7. Re1 O-O 8.
h3 Qe7 9. d4 Nd8 10. Ba3 c5 11. Qd2 Ne6 12. dxe5 dxe5 13. Nxe5 Nc7 14. Nd3 Nxb5
15. Bxc5 Qe8 16. c4 Nc7 17. e5 Nd7 18. Bxf8 Nxf8 19. Nc5 Qc6 20. Qd6 Nfe6 21.
Qxc6 bxc6 22. Nxe6 Bxe6 23. Rab1 Bxc4 24. Rb7 Ne6 25. Reb1 h5 26. Rb8+ Rxb8 27.
Rxb8+ Kh7 28. Rb7 Bxa2 29. Rxa7 Bd5 30. Rxf7 Nd4 31. Rc7 Nxc2 32. e6 Kg6 33. e7
Kf7 34. e8=Q+ Kxe8 35. Rxg7 Nd4 36. Rg5 Bf7 37. Kf1 Kd7 38. Ke1 Ne6 39. Ra5 Kd6
40. g4 hxg4 41. hxg4 c5 42. Kd2 Kd5 43. Ke3 Nd4 44. f4 Nc2+ 45. Kd2 Nd4 46. Ke3
Be6 47. f5 Bxf5 48. gxf5 Nxf5+ 49. Kf4 Nd6 50. Ra8 c4 51. Ke3 Nf5+ 52. Kd2 Nd4
53. Rd8+ Kc5 54. Rc8+ Kd5 55. Rd8+ Kc5 56. Rc8+ Kd5 57. Rd8+ 1/2-1/2

[Event "Titled Tue 1st Jul Early"]
[Site "chess.com INT"]
[Date "2025.07.01"]
[Round "5"]
[White "Ketzetzis, Georgios"]
[Black "Gutman, Gennadi"]
[Result "1-0"]
[WhiteTitle "FM"]
[BlackTitle "GM"]
[WhiteElo "2292"]
[BlackElo "2445"]
[WhiteFideId "4215206"]
[BlackFideId "14102277"]
[EventDate "2025.07.01"]

1. e4 c6 2. Nf3 d5 3. d3 dxe4 4. dxe4 Qxd1+ 5. Kxd1 Nf6 6. Nbd2 Bg4 7. Bd3 e6 8.
h3 Bh5 9. a3 Nbd7 10. g4 Bg6 11. b4 Bd6 12. Bb2 Bc7 13. Ke2 O-O-O 14. h4 h5 15.
g5 Ne8 16. c4 Rg8 17. c5 Bf4 18. Nc4 Nc7 19. Nd6+ Kb8 20. Rhd1 e5 21. Bc4 Rgf8
22. Nf5 Bxf5 23. exf5 f6 24. Be6 e4 25. Rxd7 Rxd7 26. Bxd7 exf3+ 27. Kxf3 fxg5
28. Bxg7 Rf7 29. hxg5 Bxg5 30. Be5 Rxd7 31. Rg1 Bd8 32. f6 Rf7 33. Rg7 Rf8 34.
f7 Kc8 35. Ke4 Ne6 36. Rg8 Rxf7 37. f4 Kd7 38. Rh8 h4 39. Bd6 Ng7 40. Rh7 Ke6
41. Be5 Nf5 42. Rxf7 Kxf7 43. Kxf5 Be7 44. Kg4 b6 45. Bd4 b5 46. Bf2 Ke6 47.
Bxh4 Bf8 48. f5+ Kd5 49. f6 Kc4 50. Kf5 Kb3 51. Ke6 Kxa3 52. Kf7 Bh6 53. Kg6 Bf8
54. Bg3 Kxb4 55. Bd6 1-0

[Event "Titled Tue 1st Jul Early"]
[Site "chess.com INT"]
[Date "2025.07.01"]
[Round "5"]
[White "Tiitta, Sauli"]
[Black "Brancaleoni, Maurizio"]
[Result "0-1"]
[BlackTitle "FM"]
[WhiteElo "2157"]
[BlackElo "2185"]
[WhiteFideId "502251"]
[BlackFideId "803022"]
[EventDate "2025.07.01"]

1. g4 d5 2. h3 e5 3. c4 Ne7 4. Bg2 Nbc6 5. cxd5 Nxd5 6. d3 Bb4+ 7. Bd2 Bxd2+ 8.
Nxd2 O-O 9. Be4 Be6 10. Ngf3 f6 11. Qa4 Qe7 12. Rc1 a6 13. Qa3 Qd7 14. Nb3 b6
15. Qa4 b5 16. Nc5 Qd6 17. Qa3 Bf7 18. Nb7 Qd7 19. Qc5 Nce7 20. Na5 Rad8 21. Nb7
Rb8 22. Na5 Rfc8 23. Nc6 Nxc6 24. Qxc6 Qxc6 25. Rxc6 Nb4 26. Rc3 Nxa2 27. Ra3
Nb4 28. O-O c6 29. Rc1 Bd5 30. Nd2 a5 31. Nb3 a4 32. Nc5 Ra8 33. Rac3 Kf7 34.
Nb7 Bxe4 35. Nd6+ Ke6 36. Nxc8 Na2 37. Nb6 Ra6 38. Rxc6+ Bxc6 39. Rxc6+ Kf7 40.
Rc7+ Kg6 41. Nd5 h5 42. Ne7+ Kh7 43. Nf5 hxg4 44. Rxg7+ Kh8 45. hxg4 b4 46. Rb7
a3 47. bxa3 bxa3 48. Ne7 Nc3 49. Ng6+ Kg8 50. Ne7+ Kf8 51. Ng6+ Ke8 52. f4 a2
53. fxe5 a1=Q+ 54. Kg2 Qa3 55. exf6 Rxf6 0-1

[Event "Titled Tue 1st Jul Early"]
[Site "chess.com INT"]
[Date "2025.07.01"]
[Round "5"]
[White "Emeliantsev, Anatoliy"]
[Black "Roebers, Jan"]
[Result "0-1"]
[WhiteTitle "FM"]
[BlackTitle "FM"]
[WhiteElo "2359"]
[BlackElo "2030"]
[WhiteFideId "4160681"]
[BlackFideId "1007815"]
[EventDate "2025.07.01"]

1. d4 Nf6 2. c4 g6 3. Nc3 Bg7 4. e4 d6 5. f3 O-O 6. Be3 c5 7. dxc5 dxc5 8. Qxd8
Rxd8 9. Bxc5 Nc6 10. Nd5 Nd7 11. Bxe7 Nxe7 12. Nxe7+ Kf8 13. Nd5 Bxb2 14. Rb1
Bg7 15. Nh3 Ne5 16. Ng5 h6 17. Nh7+ Kg8 18. Nhf6+ Kf8 19. f4 Ng4 20. Nxg4 Bxg4
21. Rxb7 Re8 22. e5 f6 23. Bd3 fxe5 24. Bxg6 exf4+ 25. Bxe8 Rxe8+ 26. Kd2 Re2+
27. Kd3 Rxg2 28. Nxf4 Rxa2 29. Rf1 Bf5+ 30. Ke3 Ra3+ 31. Nd3 Rxd3+ 32. Ke2 Rh3
33. Rxf5+ Kg8 34. Rf2 Bd4 35. Rg2+ Kf8 36. Rd7 Be5 37. Rf2+ Ke8 38. Rxa7 Rxh2
39. Rxh2 Bxh2 40. c5 Kd8 41. c6 Bf4 42. Rd7+ Kc8 43. Kf3 Bg5 44. Kg4 Be3 45. Kf5
Bg5 46. Ke6 Be3 47. Rf7 Bg1 48. Kd6 Bh2+ 49. Kc5 Bg1+ 50. Kb5 Be3 51. Rh7 Kb8
52. Kc4 Kc8 53. Kd5 Bf4 54. Ke6 Kd8 55. Kf5 Bd2 56. c7+ Kc8 57. Ke5 Ba5 58. Kd6
Kb7 0-1

[Event "Titled Tue 1st Jul Early"]
[Site "chess.com INT"]
[Date "2025.07.01"]
[Round "5"]
[White "Sovetbekova, Nurai"]
[Black "Lebedev, Artem S."]
[Result "1-0"]
[WhiteTitle "WFM"]
[BlackTitle "CM"]
[WhiteElo "2007"]
[BlackElo "2198"]
[WhiteFideId "13801910"]
[BlackFideId "34272747"]
[EventDate "2025.07.01"]

1. d4 Nf6 2. c4 e6 3. Nc3 Bb4 4. Bd2 O-O 5. e3 d5 6. Nf3 c5 7. a3 Bxc3 8. Bxc3
Ne4 9. Bd3 Nxc3 10. bxc3 Nc6 11. O-O h6 12. Rb1 b6 13. cxd5 exd5 14. e4 cxd4 15.
cxd4 Bb7 16. e5 Rc8 17. Qe2 Re8 18. Rbc1 f6 19. Bb1 fxe5 20. dxe5 Qe7 21. Rfe1
Nxe5 22. Nxe5 Rxc1 23. Rxc1 Qxe5 24. Qd3 Qe1+ 25. Rxe1 Rxe1+ 26. Qf1 Rxf1+ 27.
Kxf1 Kf7 28. Ke2 Kf6 29. Ke3 d4+ 30. Kxd4 Bxg2 31. Bd3 Bc6 32. f4 Bd7 33. Kd5
Bf5 34. Be2 Be6+ 35. Kd6 Bf5 36. Kc7 Be4 37. Bg4 g5 38. fxg5+ Kxg5 39. Be6 Kf4
40. Kb8 a5 41. Ka7 b5 42. Kb6 b4 43. a4 Bf5 44. Bb3 Ke3 45. Kxa5 Kf2 46. Kxb4
Kg2 47. a5 Bc8 48. Bd5+ Kxh2 49. Kc5 h5 50. Kb6 h4 51. Bc4 Kg1 52. Kc7 1-0

[Event "Titled Tue 1st Jul Early"]
[Site "chess.com INT"]
[Date "2025.07.01"]
[Round "5"]
[White "Aghaei, Alireza"]
[Black "Soza de la Carrera, Jose"]
[Result "0-1"]
[WhiteTitle "CM"]
[BlackTitle "CM"]
[WhiteElo "2204"]
[BlackElo "2221"]
[WhiteFideId "12509914"]
[BlackFideId "3401278"]
[EventDate "2025.07.01"]

1. d4 f5 2. e4 fxe4 3. Nc3 Nf6 4. Bg5 Nc6 5. d5 Ne5 6. Qe2 c6 7. Bxf6 gxf6 8.
O-O-O cxd5 9. Nxd5 e6 10. Qh5+ Nf7 11. Nf4 Qb6 12. Bc4 d5 13. Bxd5 exd5 14. Nxd5
Qc6 15. Ne2 Bd7 16. Nd4 Qd6 17. Rhe1 O-O-O 18. Qxf7 Bg4 19. f3 Qxd5 20. Qxd5
Rxd5 21. fxg4 Bh6+ 22. Kb1 Rhd8 23. c3 e3 24. Kc2 b5 25. Nf5 Rd2+ 26. Rxd2 Rxd2+
27. Kb3 Bf4 28. Nxe3 Bxe3 29. Rxe3 Rxg2 30. Rf3 Rxg4 31. Rxf6 Rh4 32. Rf5 a6 33.
Rf2 Kb7 34. a3 Kb6 35. Kc2 Rh3 36. b4 h5 37. Kb3 a5 38. Rf6+ Kb7 39. bxa5 Rxh2
40. Rh6 h4 41. Kb4 Rb2+ 42. Kc5 Rb3 43. Rxh4 Rxc3+ 44. Kxb5 Rxa3 45. Rh7+ Kb8
46. Kb6 Rb3+ 47. Kc6 Rb1 48. Rg7 Ka8 49. Rh7 Rb2 50. Rh8+ Ka7 51. Rg8 Rc2+ 0-1

[Event "Titled Tue 1st Jul Early"]
[Site "chess.com INT"]
[Date "2025.07.01"]
[Round "5"]
[White "Loftgaard, Mikkel Vinh"]
[Black "Christiansen, Johan-Sebastian"]
[Result "0-1"]
[WhiteTitle "FM"]
[BlackTitle "GM"]
[WhiteElo "2281"]
[BlackElo "2642"]
[WhiteFideId "1468480"]
[BlackFideId "1512668"]
[EventDate "2025.07.01"]

1. e4 e5 2. Nf3 Nc6 3. d4 exd4 4. Nxd4 Nf6 5. Nc3 Bc5 6. Nxc6 bxc6 7. Bd3 O-O 8.
O-O d6 9. Bg5 h6 10. Bh4 Re8 11. Re1 g5 12. Bg3 Ng4 13. Na4 Bd4 14. Be2 Rxe4 15.
c3 Bb6 16. Nxb6 axb6 17. Bf3 Rxe1+ 18. Qxe1 Bd7 19. Qe2 Nf6 20. a3 Ra4 21. h3
Ra5 22. Re1 Kg7 23. Qc4 Rc5 24. Qd4 Be6 25. h4 Rc4 26. Qd2 g4 27. Be2 Re4 28.
Bd3 Rxe1+ 29. Qxe1 Bd5 30. Qe2 Qe8 31. Qd2 Qe6 32. Bf4 Ne4 33. Bxe4 Bxe4 34. Qe3
Bd5 35. Qxe6 fxe6 36. Be3 h5 37. b4 Bb3 38. g3 Kg6 39. Bg5 c5 40. Bd8 cxb4 41.
axb4 c5 42. Bxb6 cxb4 43. cxb4 Bc4 44. Kg2 Kf5 45. Bc7 d5 46. f3 d4 47. fxg4+
Kxg4 48. Kf2 Kf5 49. Kf3 e5 50. Bd6 e4+ 51. Kf2 e3+ 52. Kf3 Bd5+ 53. Ke2 Ke4 54.
Bf4 d3+ 55. Ke1 d2+ 56. Ke2 Bc4+ 57. Kd1 Bb3+ 58. Ke2 d1=Q# 0-1

[Event "Titled Tue 1st Jul Early"]
[Site "chess.com INT"]
[Date "2025.07.01"]
[Round "5"]
[White "Zhou, Yuxu"]
[Black "Auribault, Louis"]
[Result "1-0"]
[WhiteTitle "CM"]
[BlackTitle "FM"]
[WhiteElo "2197"]
[BlackElo "2114"]
[WhiteFideId "8626421"]
[BlackFideId "45196591"]
[EventDate "2025.07.01"]

1. e4 e5 2. Nf3 Nc6 3. d4 exd4 4. Nxd4 Qf6 5. Nb3 Bb4+ 6. c3 Bd6 7. N1d2 Qg6 8.
Qe2 Nf6 9. h4 h5 10. Nc4 Qxe4 11. Nxd6+ cxd6 12. Be3 Ng4 13. f3 Qxe3 14. fxg4
Qxe2+ 15. Bxe2 hxg4 16. Bxg4 Ne5 17. Be2 b6 18. O-O-O Rh6 19. Nd4 Bb7 20. Nf5
Bxg2 21. Rhg1 Rg6 22. Bh5 Nf3 23. Bxg6 Nxg1 24. Nxd6+ Ke7 25. Rxg1 fxg6 26. Rxg2
Kxd6 27. Rxg6+ Kc7 28. Rxg7 Rf8 29. h5 Rf1+ 30. Kc2 Rh1 31. Rg5 Rh2+ 32. Kb3 Rh4
33. Ka3 Kc6 34. b4 d6 35. Kb3 b5 36. Rf5 a6 37. a4 Rh3 38. a5 d5 39. Rf6+ Kb7
40. Rb6+ Ka7 41. h6 d4 42. Rc6 dxc3 43. Kc2 Kb7 44. Rb6+ Ka7 45. Rg6 Kb7 46. Kb3
Ka7 47. Rg7+ Kb8 48. h7 c2+ 49. Kxc2 Rh2+ 50. Kd3 Rh3+ 51. Kd4 Rh4+ 52. Ke5 Rh5+
53. Kf6 Rh6+ 54. Kf7 Kc7 55. Kg8+ Kc6 56. h8=Q Rxh8+ 57. Kxh8 Kd5 58. Rg4 1-0

[Event "Titled Tue 1st Jul Early"]
[Site "chess.com INT"]
[Date "2025.07.01"]
[Round "5"]
[White "Pham, Le Thao Nguyen"]
[Black "Skarbarchuk, Tetyana"]
[Result "1-0"]
[WhiteTitle "IM"]
[WhiteElo "2357"]
[BlackElo "2096"]
[WhiteFideId "12401226"]
[BlackFideId "14184494"]
[EventDate "2025.07.01"]

1. d4 Nf6 2. Nf3 e6 3. Bf4 d5 4. e3 Bd6 5. Nbd2 O-O 6. c3 b6 7. Ne5 Ba6 8. Bxa6
Nxa6 9. Bg5 h6 10. Bh4 Be7 11. Nc6 Qd7 12. Nxe7+ Qxe7 13. f4 c5 14. O-O Nb8 15.
Nf3 Nbd7 16. Ne5 Qd6 17. Bxf6 Nxf6 18. f5 Ne4 19. Qg4 exf5 20. Rxf5 Qe6 21. Raf1
Nd6 22. Rxf7 Qxg4 23. Rxf8+ Rxf8 24. Rxf8+ Kxf8 25. Nxg4 Nc4 26. b3 Nd2 27. Nf2
Ke7 28. Nd1 Ke6 29. Kf2 Kf5 30. Ke2 Ne4 31. c4 cxd4 32. exd4 Nd6 33. Ne3+ Ke4
34. Nxd5 Kxd4 35. Kd2 b5 36. Nb4 bxc4 37. Nc6+ Kc5 38. Nd8 cxb3 39. axb3 Kd5 40.
Kd3 g5 41. g4 a5 42. h3 Ke5 43. Nc6+ Kf4 44. Nxa5 Kg3 45. Nc4 Nb5 46. Ne5 Kxh3
47. b4 Kg3 48. Ke4 Nc3+ 49. Kf5 Nb5 50. Nf7 Nd4+ 51. Ke4 Nb5 52. Nxh6 Kh4 53.
Kd5 Nc7+ 54. Kc6 Na6 55. b5 Nb8+ 56. Kc7 Kg3 57. Kxb8 Kf4 58. Kc7 Ke5 59. b6 Kf6
60. b7 Kg6 61. Nf5 Kf6 62. b8=Q Ke5 63. Qb4 Kf6 64. Qd4+ Kg6 65. Qg7# 1-0